[Event "Asia-ch U20"]
[Site "Tagaytay City"]
[Date "2022.11.22"]
[Round "5"]
[White "Daluz, Christian Mark"]
[Black "Hakemi, Arman"]
[Result "1/2-1/2"]
[WhiteElo "2010"]
[BlackElo "2412"]
[PlyCount "98"]
[EventDate "2022.11.19"]
[EventType "swiss"]
[EventRounds "9"]
[EventCountry "PHI"]
[SourceTitle "CBM 211 Extra"]
[Source "ChessBase"]
[SourceDate "2023.01.31"]
[SourceVersion "1"]
[SourceVersionDate "2023.01.31"]
[SourceQuality "1"]

1. Nf3 d5 2. d4 Nf6 3. c3 e6 4. Bf4 Bd6 5. Bg3 0-0 6. e3 c5 7. Nbd2 Nc6 8. Bb5 Bxg3 9. hxg3 Qb6 10. Bxc6 bxc6 11. Qc2 Rb8 12. Rb1 cxd4 13. cxd4 Ba6 14. Ne5 Rfc8 15. b4 Qb5 16. Qd1 Qb7 17. g4 Nd7 18. Nxd7 Qxd7 19. Qc2 h6 20. f4 e5 21. fxe5 Qxg4 22. Nf3 c5 23. dxc5 Rxb4 24. Kf2 Rc4 25. Qd2 R4xc5 26. Rhc1 Qf5 27. Rxc5 Rxc5 28. Rc1 Rxc1 29. Qxc1 Bc4 30. Qb2 g5 31. Kg3 h5 32. Qb8+ Kg7 33. a3 g4 34. Nd4 Qg5 35. Qd6 h4+ 36. Kh2 Bd3 37. e6 g3+ 38. Kh3 Bf5+ 39. Nxf5+ Qxf5+ 40. Kxh4 Qe4+ 41. Qf4 Qxe6 42. Qd4+ Kg6 43. Qxa7 Qf6+ 44. Kxg3 Qg5+ 45. Kf2 Qh4+ 46. Kf1 Qh1+ 47. Kf2 Qh4+ 48. Kf1 Qh1+ 49. Kf2 Qh4+ 1/2-1/2

[Event "Asia-ch U20"]
[Site "Tagaytay City"]
[Date "2022.11.20"]
[Round "2"]
[White "Daluz, Christian Mark"]
[Black "Utsab, Chatterjee"]
[Result "0-1"]
[WhiteElo "2010"]
[BlackElo "2349"]
[PlyCount "120"]
[EventDate "2022.11.19"]
[EventType "swiss"]
[EventRounds "9"]
[EventCountry "PHI"]
[SourceTitle "CBM 211 Extra"]
[Source "ChessBase"]
[SourceDate "2023.01.31"]
[SourceVersion "1"]
[SourceVersionDate "2023.01.31"]
[SourceQuality "1"]

1. e4 c5 2. Nc3 Nc6 3. g3 g6 4. Bg2 Bg7 5. d3 d6 6. Nh3 e6 7. Be3 Rb8 8. Qd2 b5 9. 0-0 b4 10. Nd1 a5 11. Kh1 Qc7 12. Rc1 a4 13. c3 bxc3 14. bxc3 a3 15. Re1 Ba6 16. f4 Nge7 17. d4 0-0 18. dxc5 d5 19. e5 Na5 20. Bd4 Nc4 21. Qf2 Nb2 22. Bf1 Bd3 23. Qd2 Bxf1 24. Rxf1 Nc6 25. Nhf2 Qa5 26. Qc2 Qa6 27. Kg1 Qc4 28. Qd2 Qxa2 29. Nd3 Na5 30. N1xb2 Nb3 31. Qc2 Nxc1 32. Rxc1 axb2 33. Rb1 Rfc8 34. Nb4 Qc4 35. Rxb2 Bf8 36. Nd3 Rxb2 37. Nxb2 Qa2 38. Qf2 Rb8 39. Nd3 Qc4 40. Qc2 Ra8 41. Qb1 Ra2 42. Nc1 Ra3 43. Qb4 Ra1 44. Qb2 Ra5 45. Qb4 Rxc5 46. Qxc4 Rxc4 47. Nd3 Ra4 48. Kg2 Ra2+ 49. Nf2 Rc2 50. Kf3 Ba3 51. h4 Bb2 52. Nd1 h5 53. Ke3 Bc1+ 54. Kf3 Kf8 55. Nf2 Bb2 56. Nd1 Ke8 57. Ke3 Bc1+ 58. Kf3 Kd7 59. g4 Bd2 60. gxh5 gxh5 0-1

[Event "Zonal 3.3 Online"]
[Site "Tornelo INT"]
[Date "2021.05.06"]
[Round "6"]
[White "Daluz, Christian Mark"]
[Black "Lim, Zhuo Ren"]
[Result "1/2-1/2"]
[WhiteElo "2020"]
[BlackElo "2311"]
[PlyCount "191"]
[EventDate "2021.05.01"]
[EventType "swiss"]
[EventRounds "9"]
[EventCountry "PHI"]
[SourceTitle "CBM 202 Extra"]
[Source "ChessBase"]
[SourceDate "2021.07.31"]
[SourceVersion "1"]
[SourceVersionDate "2021.07.31"]
[SourceQuality "1"]

1. e4 c5 2. Nc3 d6 3. g3 Nc6 4. Bg2 g6 5. d3 Bg7 6. Nh3 Nf6 7. 0-0 0-0 8. f4 Bg4 9. Qd2 Bxh3 10. Bxh3 Rb8 11. g4 e6 12. g5 Nd7 13. f5 Re8 14. Kh1 b5 15. Qf2 Bd4 16. Be3 Bxe3 17. Qxe3 Nd4 18. Qf2 Ne5 19. Qg2 b4 20. Nd1 Kh8 21. fxe6 fxe6 22. Ne3 Rf8 23. Rxf8+ Qxf8 24. Rf1 Qe7 25. c3 bxc3 26. bxc3 Ndc6 27. Rf6 Rb1+ 28. Nf1 Nd8 29. Qc2 Rb8 30. d4 Nd7 31. Rf3 Nf7 32. Bg2 Nxg5 33. Rf2 Kg7 34. Ne3 Rc8 35. Qb1 cxd4 36. cxd4 Nb6 37. Rf1 Qc7 38. Qb5 e5 39. dxe5 dxe5 40. Ng4 Qc5 41. Qb2 Nc4 42. Qb7+ Rc7 43. Qb8 Rc8 44. Qb7+ Qc7 45. Qd5 Qc6 46. Rc1 Qxd5 47. exd5 Nf7 48. Bh3 Ncd6 49. Rxc8 Nxc8 50. Nxe5 Nxe5 51. Bxc8 Kf6 52. Kg2 Nc4 53. Kf3 Ke5 54. Bb7 a5 55. Bc6 Nd6 56. Kg4 h6 57. h4 Ne4 58. Kf3 Nf6 59. a4 Nxd5 60. Be8 Ne7 61. Kg4 Kf6 62. Kf4 Nf5 63. Kg4 Nd6 64. Bc6 Ke5 65. Bd7 Ke4 66. Bc6+ Kd4 67. Bd7 Ke3 68. Bc6 Nc4 69. Bb5 Ne5+ 70. Kg3 g5 71. hxg5 hxg5 72. Be8 Kd4 73. Bb5 Kc3 74. Be8 Kb4 75. Kh3 Kc4 76. Kg3 Kd5 77. Bb5 Ke4 78. Be8 Kf5 79. Bb5 g4 80. Be2 Kg5 81. Bd1 Kf5 82. Be2 Ke4 83. Bxg4 Kd3 84. Bh5 Kc3 85. Kf4 Nc4 86. Ke4 Nb2 87. Be8 Kb4 88. Kd4 Nxa4 89. Bxa4 Kxa4 90. Kc4 Ka3 91. Kc3 a4 92. Kc2 Ka2 93. Kc1 a3 94. Kc2 Ka1 95. Kc1 a2 96. Kc2 1/2-1/2

[Event "Eastern Asia-ch U20"]
[Site "Batangas"]
[Date "2019.12.12"]
[Round "5"]
[White "Daluz, Christian Mark"]
[Black "Concio, Michael Jr"]
[Result "0-1"]
[WhiteElo "1950"]
[BlackElo "2194"]
[PlyCount "74"]
[EventDate "2019.12.10"]
[EventType "swiss"]
[EventRounds "9"]
[EventCountry "PHI"]
[SourceTitle "CBM 193 Extra"]
[Source "ChessBase"]
[SourceDate "2020.01.31"]
[SourceVersion "1"]
[SourceVersionDate "2020.01.31"]
[SourceQuality "1"]

1. e4 d5 2. exd5 Qxd5 3. Nc3 Qd6 4. d4 a6 5. Bd3 Nc6 6. Nge2 Nf6 7. Bf4 Qd8 8. Qd2 e6 9. a3 b5 10. Ne4 Nd5 11. Bg3 Bb7 12. 0-0 Be7 13. b3 b4 14. Nc5 Bxc5 15. dxc5 0-0 16. Bc4 bxa3 17. Bxd5 exd5 18. Rxa3 d4 19. b4 Re8 20. Rd3 Qd5 21. Bxc7 Nxb4 22. Rg3 Qxc5 23. Nxd4 Nxc2 24. Bb6 Qxb6 25. Nf5 Nd4 26. Nxd4 Rad8 27. Re3 Re4 28. Rd1 h6 29. Rd3 Qg6 30. f3 Re5 31. Qb4 Rb5 32. Qe7 Rxd4 33. Rxd4 Bxf3 34. R1d2 Rb1+ 35. Kf2 Qxg2+ 36. Ke3 Re1+ 37. Kf4 Qg4# 0-1